000 00787cam a2200265 a 4500
001 38529
003 BD-RjUL
005 20211209052819.0
008 151227r20082006flua 001 0 eng
020 _a8130903083
020 _a0849399769 (alk. paper)
035 _a(BD-RjUL)38634
040 _aDLC
_cDLC
_dDLC
_dBD-RjUL
_beng
041 _aeng
082 0 0 _a005.74
_221
245 0 0 _aHandbook of data management /
_cSanjiv Purba, editor.
260 _aNew Delhi :
_bViva Books,
_c2006 [Reprinted 2008].
300 _a1 v. (various pagings) :
_bill. ;
_c25 cm.
500 _aIncludes index.
650 0 _aDatabase management
_9117949
_xHandbooks, manuals, etc.
700 1 _aPurba, Sanjiv.
_9118935
942 _2ddc
_cBK
999 _c38529
_d38529